[Event "XVI Open"]
[Site "Albacete ESP"]
[Date "2008.09.03"]
[Round "4"]
[White "Campayo Hernandez,J"]
[Black "Solodovnichenko,Y"]
[Result "0-1"]
[WhiteElo "2123"]
[BlackElo "2541"]

1.c4 b6 2.e4 Bb7 3.Nc3 e6 4.g3 f5 5.Bg2 Nf6 6.d3 Bb4 7.Ne2 fxe4 8.O-O O-O
9.Bg5 Qe8 10.Bxf6 gxf6 11.Nxe4 Nc6 12.d4 f5 13.Ng5 Be7 14.Nf3 Bf6 15.Re1 Ne7
16.Nf4 Ng6 17.Qd2 Be4 18.Nh5 Qf7 19.Nxf6+ Qxf6 20.Ne5 Nxe5 21.dxe5 Qxe5 22.Qg5+ Qg7
23.Qxg7+ Kxg7 24.Bxe4 fxe4 25.Rxe4 Rf6 26.Rd1 Rd8 27.c5 bxc5 28.Ra4 d6 29.Rxa7 Rf7
30.a4 Rb8 31.Rd2 d5 32.Ra6 Rb6 33.Ra8 c4 34.a5 Rb5 35.Re2 d4 36.Rxe6 Rxb2
37.Ree8 c3 38.Rg8+ Kf6 39.Ra6+ Ke5 40.Kg2 Ke4 41.Rd8 Kd3 42.Rc6 Rbxf2+ 43.Kh3 R2f6
44.Rc5 Rf5  0-1

[Event "5th LGA Premium Cup"]
[Site "Nuernberg GER"]
[Date "2008.09.05"]
[Round "3"]
[White "Bodzyn,K"]
[Black "Scherer,M"]
[Result "0-1"]
[WhiteElo "2012"]
[BlackElo "2315"]

1.c4 b6 2.Nc3 Bb7 3.d4 e6 4.Nf3 Bb4 5.e3 f5 6.Be2 Nf6 7.O-O O-O 8.Bd2 d6
9.Rc1 Nbd7 10.a3 Bxc3 11.Bxc3 Ne4 12.Nd2 Qh4 13.f3 Nxc3 14.Rxc3 f4 15.Qe1 Qh6
16.Bd3 fxe3 17.Ne4 d5 18.Ng3 c5 19.cxd5 cxd4 20.Rc7 Nc5 21.Be4 Bxd5 22.b4 Nb3
23.Qe2 Qg5 24.Qd3 Rac8 25.Bxh7+ Kh8 26.f4 Qh6 27.Rxc8 Rxc8 28.Qa6 Rc7 29.Bd3 Nd2
30.Qa4 Rc8 31.Qd7 Rf8 32.Rc1 Qxf4  0-1

[Event "3rd PGMA Cup"]
[Site "Manila PHI"]
[Date "2008.09.09"]
[Round "5"]
[White "Paez,A"]
[Black "Wohl,A"]
[Result "0-1"]
[WhiteElo "2155"]
[BlackElo "2384"]

1.c4 b6 2.Nc3 Bb7 3.e4 e6 4.g3 f5 5.Bg2 Nf6 6.f3 fxe4 7.fxe4 Bb4 8.Nge2 O-O
9.O-O e5 10.h3 Nc6 11.Kh2 Qe7 12.d3 Bc5 13.Rb1 a5 14.a3 Rf7 15.Nb5 d6 16.Nec3 Raf8
17.Bg5 Nd4 18.b4 Nxb5 19.Nxb5 axb4 20.axb4 Bd4 21.Qe2 h6 22.Bxf6 Rxf6 23.Nxd4 exd4
24.Rxf6 Rxf6 25.Rf1 Bc8 26.Rxf6 Qxf6 27.Qf3 Qxf3 28.Bxf3 Kf7 29.b5 Kf6 30.g4 Ke5
31.Kg3 g5 32.Bd1 Bd7 33.Ba4 Be8 34.Bd1 c6 35.bxc6 Bxc6 36.h4 gxh4+ 37.Kxh4 Kf4
38.Kh5 Bd7 39.Be2 Ke3 40.Bf1 Kf2 41.Bh3 Kg3 42.Bf1 Bxg4+ 43.Kxh6 Kf2  0-1

[Event "4th Pichay Cup"]
[Site "Manila PHI"]
[Date "2008.09.18"]
[Round "7"]
[White "Garcia,Jan"]
[Black "Ballecer,D"]
[Result "1/2-1/2"]
[WhiteElo "2232"]
[BlackElo "2419"]

1.c4 b6 2.Nf3 Bb7 3.g3 c5 4.Bg2 g6 5.O-O Bg7 6.Nc3 Nf6 7.d4 cxd4 8.Nxd4 Bxg2
9.Kxg2 O-O 10.e4 d6 11.Be3 Qd7 12.f3 Nc6 13.Qd2 Rfd8 14.b3 Qb7 15.Rad1 Rd7
16.Qb2 Ne8 17.Nxc6 Qxc6 18.Bd4 Bf8 19.Nd5 b5 20.Rc1 bxc4 21.Rxc4 Qb7 22.Rb4 Qc8
23.Rc1 Qd8 24.Rbc4 e6 25.Nf6+ Nxf6 26.Bxf6 Be7 27.Bxe7 Rxe7 28.Rd1 Rd7 29.Rcd4 Qb6
30.R1d2 Rad8 31.Qc3 d5 32.exd5 Rxd5 33.Rxd5 exd5 34.Qd3 d4 35.Qc4 Qd6 36.Qd3 h5
37.Re2 Qc5 38.Qc4 Qxc4 39.bxc4 Rc8 40.Rc2 d3 41.Rc3 Rd8 42.Rc1 Re8 43.Rd1 Re2+
44.Kf1 Rxh2 45.Rxd3 Rxa2 46.Rd8+ Kg7 47.c5 Rc2 48.Ra8 Rxc5 49.Rxa7 Rc2 50.Ra6 g5
51.Ra4 Kg6 52.Ra6+ f6 53.Ra4 Rd2 54.Rc4 Kf5 55.Rc5+ Ke6 56.Rc6+ Ke5 57.Rc5+ Rd5
58.Rc4 Rd4 59.Rc5+ Ke6 60.Kg2 Kf7 61.Rc2 Kg6 62.Ra2 h4 63.Rb2 f5 64.Rb6+ Kh5
65.Rb5 hxg3 66.Kxg3 f4+ 67.Kh3 Rd3 68.Kg2 Kh4 69.Rb2 g4 70.fxg4 Kxg4 71.Kf2 Rh3
72.Rb8 Rh2+ 73.Kg1 Ra2 74.Rb3 Rd2 75.Kf1 Kf5 76.Rb5+ Ke4 77.Rb4+ Ke3 78.Rb3+ Rd3  1/2-1/2

[Event "Open"]
[Site "Yuzhny UKR"]
[Date "2008.09.21"]
[Round "2"]
[White "Kurayan,R"]
[Black "Shkuro,I"]
[Result "1/2-1/2"]
[WhiteElo "2155"]
[BlackElo "2428"]

1.c4 b6 2.Nc3 Bb7 3.e3 e6 4.Nf3 f5 5.b3 Nf6 6.Bb2 Be7 7.Bd3 O-O 8.Qe2 Ne4
9.Bc2 Na6 10.d3 Nxc3 11.Bxc3 Bf6 12.Qd2 c5 13.d4 Qe7 14.Rd1 d5 15.cxd5 Bxd5
16.Qe2 cxd4 17.Bxd4 Qb4+ 18.Kf1 Nc5 19.Bxf6 Rxf6 20.Ne1 Rc8 21.f3 a5 22.Kf2 Qh4+
23.g3 Qh3 24.Rd4 g5 25.Qb5 g4 26.Qxb6 Rff8 27.Rxd5 exd5 28.Qxa5 gxf3 29.Nxf3 Ne4+  1/2-1/2

[Event "Open"]
[Site "Yuzhny UKR"]
[Date "2008.09.25"]
[Round "9"]
[White "Polishchuk,O"]
[Black "Shkuro,I"]
[Result "1/2-1/2"]
[WhiteElo "2228"]
[BlackElo "2428"]

1.c4 b6 2.Nf3 Bb7 3.g3 Bxf3 4.exf3 c5 5.d4 cxd4 6.Qxd4 Nc6 7.Qd1 g6 8.Bd2 Bg7
9.Bc3 Nf6 10.Bg2 O-O 11.f4 Qc7 12.O-O a6 13.Re1 Rfe8 14.Nd2 Rac8 15.Qa4 Qb7
16.Qa3 d6 17.Nf3 Qa7 18.Rad1 Nb8 19.b3 Qc7 20.Ba1 Rcd8 21.Re2 Qc5 22.Qc1 Qc7
23.h3 Nc6 24.Nd4 Nxd4 25.Bxd4 Rc8 26.Qa3 a5 27.Rde1 Nh5 28.Qb2 Bxd4 29.Qxd4 Ng7
30.Bd5 e6 31.Bg2 Nf5 32.Qf6 Qc5 33.g4 Qd4 34.Qxd4 Nxd4 35.Rd2 e5 36.fxe5 dxe5
37.f4 Red8 38.Rf2 exf4 39.Rxf4 Ne6 40.Rf6 Kg7 41.Ref1 Rc7 42.Bd5 Re7 43.Kh2 h6
44.Kg3 Rdd7 45.h4 Nc7 46.Rxb6 Nxd5 47.cxd5 Rxd5 48.Ra6 h5 49.gxh5 Rxh5 50.Rf4 Re3+
51.Kf2 Re7 52.Kf3 Rd5 53.Re4 Rc7 54.Ra4 Rcc5 55.Ra7 Rd3+ 56.Ke4 Rdd5 57.Ke3 Re5+
58.Kd3 Rf5 59.Ke3 Rc3+ 60.Ke4 Rcc5 61.Ke3 Rc3+ 62.Ke4 Rh3 63.R7xa5 Rxh4+
64.Ke3 Rxa4 65.Rxa4 g5 66.b4 g4 67.b5 Rxb5 68.Rxg4+  1/2-1/2

[Event "1st WMSG Rapid Team"]
[Site "Beijing CHN"]
[Date "2008.10.14"]
[Round "1"]
[White "Glud,J"]
[Black "Demac,E"]
[Result "1-0"]
[WhiteElo "2444"]
[BlackElo "1993"]

1.c4 b6 2.g3 Bb7 3.Nf3 Bxf3 4.exf3 c5 5.d4 cxd4 6.Qxd4 Nc6 7.Qd1 e6 8.Nc3 Rc8
9.Be2 Ne5 10.Qa4 Nf6 11.Bf4 Nc6 12.O-O Bc5 13.Nb5 e5 14.Be3 O-O 15.Rfd1 Qe7
16.Bxc5 Qxc5 17.a3 a5 18.Kg2 Rfd8 19.Rac1 h6 20.Bd3 Ne7 21.b4 axb4 22.axb4 Qc6
23.Qa1 Qe6 24.Re1 Nc6 25.Qb1 d5 26.Bf5 Qe7 27.Bxc8 Rxc8 28.cxd5 Nxd5 29.Qf5  1-0

[Event "XV PRO AM Open"]
[Site "Villa Martelli ARG"]
[Date "2008.10.18"]
[Round "9"]
[White "Krysa,L"]
[Black "Tristan,L"]
[Result "1-0"]
[WhiteElo "2100"]
[BlackElo "2393"]

1.c4 b6 2.Nf3 Bb7 3.g3 Bxf3 4.exf3 c5 5.d4 cxd4 6.Qxd4 Nc6 7.Qd2 e6 8.Nc3 Rc8
9.f4 Nf6 10.Bg2 Na5 11.b3 Bb4 12.Bb2 O-O 13.O-O d5 14.cxd5 Nxd5 15.Bxd5 exd5
16.Qd3 d4 17.Ne2 Bc3 18.Rab1 Qf6 19.Rfd1 Rfd8 20.Ba3 h5 21.h4 Nc6 22.Rbc1 a5
23.Qf3 Bb4 24.Bxb4 Nxb4 25.Rxc8 Rxc8 26.Rxd4 Nxa2 27.Qxh5 Nc1 28.Rc4 Rxc4
29.bxc4 Qb2 30.Nxc1 Qxc1+ 31.Kh2 Qxc4 32.Qe5 b5 33.h5 a4 34.f5 Qc6 35.g4 a3
36.g5 g6  1-0

[Event "WYCC Girls U16"]
[Site "Vung Tau City VIE"]
[Date "2008.10.21"]
[Round "2"]
[White "De Oliveira,An"]
[Black "Le Hoang Tran Chau"]
[Result "0-1"]
[WhiteElo "1799"]
[BlackElo "2041"]

1.c4 b6 2.d4 e6 3.Nc3 Bb4 4.a3 Bxc3+ 5.bxc3 Bb7 6.e3 f5 7.Nf3 Nf6 8.a4 Ne4
9.Qc2 Nc6 10.Bd3 Na5 11.Ba3 Ng5 12.Be2 Nxf3+ 13.gxf3 Qf6 14.O-O-O g5 15.h3 O-O-O
16.Rdf1 h5 17.Rh2 Kb8 18.c5 d6 19.cxd6 cxd6 20.Bb4 Nc6 21.Qb2 Rh7 22.Kd2 e5
23.Ra1 Nxb4 24.Qxb4 d5 25.a5 Rd6 26.Rhh1 Re7 27.Rhb1 f4 28.axb6 axb6 29.Qa3 e4
30.Qa7+ Kc8 31.Ba6 fxe3+ 32.fxe3 Bxa6 33.Qxa6+ Kd7 34.Qb7+ Ke6 35.Qc8+ Kf7
36.Ra8 Kg6 37.Qg8+ Qg7 38.Qxg7+ Kxg7 39.fxe4 Rxe4 40.Rg1 g4 41.hxg4 hxg4
42.Ra7+ Kg8 43.Rb7 Rg6 44.Ra1 Re8 45.Ra6 g3 46.Raxb6 Rxb6 47.Rxb6 Kg7 48.Rb1 Rh8
49.Rg1 Rh2+ 50.Kd3 Rh3 51.Rg2 Kf6 52.Ke2 Kf5 53.Kf3 Rh2 54.Kxg3 Rh1 55.Rc2 Ke4
56.Kg2 Rh6 57.c4 Kd3 58.Rc1 dxc4 59.Kf3 Rf6+ 60.Kg4 c3 61.d5 Kd2 62.Ra1 Kxe3
63.Kg5 Rd6  0-1

[Event "WYCC Boys U14"]
[Site "Vung Tau City VIE"]
[Date "2008.10.22"]
[Round "4"]
[White "Garcia,Jan"]
[Black "Grigoryan,K2"]
[Result "1-0"]
[WhiteElo "2256"]
[BlackElo "2072"]

1.c4 b6 2.Nf3 Bb7 3.g3 Bxf3 4.exf3 c5 5.d4 cxd4 6.Qxd4 Nc6 7.Qd1 g6 8.Bd2 Bg7
9.Bc3 Nf6 10.Bg2 O-O 11.f4 Rc8 12.O-O Ne8 13.Qd3 Nd6 14.Bxg7 Kxg7 15.b3 f6
16.Nc3 Nf5 17.Rad1 d6 18.Rfe1 e5 19.Bxc6 Rxc6 20.fxe5 fxe5 21.Rxe5 Qg5 22.Re2 h5
23.Ne4 Qd8 24.h4 Re8 25.Qc3+ Kf7 26.Ng5+ Kg8 27.Rxe8+ Qxe8 28.Re1 Qd7 29.Qf6 d5
30.Re6 Rxe6 31.Nxe6 Qf7 32.Qd8+  1-0

[Event "WYCC Boys U18"]
[Site "Vung Tau City VIE"]
[Date "2008.10.23"]
[Round "5"]
[White "Carlstedt,J"]
[Black "Bizopoulos,A"]
[Result "1-0"]
[WhiteElo "2286"]
[BlackElo "2150"]

1.c4 b6 2.Nc3 c5 3.e4 Nc6 4.g3 g6 5.Bg2 Bg7 6.Nge2 e6 7.f4 Nge7 8.a3 Bb7
9.O-O O-O 10.Rb1 Nd4 11.b4 cxb4 12.axb4 d5 13.cxd5 exd5 14.e5 Nxe2+ 15.Nxe2 Qd7
16.d4 Ba6 17.Rf3 Bxe2 18.Qxe2 Rac8 19.Qf2 f5 20.b5 Rc7 21.Ra3 Rfc8 22.Rd3 Kf7
23.Be3 Ke6 24.Qf3 Bf8 25.h4 h5 26.Kh2 Rc2 27.Bf2 Rc1 28.Rxc1 Rxc1 29.Ra3 Qxb5
30.Rxa7 Rc2 31.Rb7 Qb2 32.Rxe7+ Bxe7 33.Qxd5+  1-0

[Event "Open A"]
[Site "Le Touquet FRA"]
[Date "2008.10.28"]
[Round "4"]
[White "Aglave,A"]
[Black "Clery,N"]
[Result "0-1"]
[WhiteElo "2136"]
[BlackElo "2349"]

1.c4 b6 2.g3 Bb7 3.Nf3 Bxf3 4.exf3 e6 5.d4 Bb4+ 6.Nc3 Ne7 7.Bg2 O-O 8.f4 d5
9.cxd5 exd5 10.Qb3 Nbc6 11.O-O Bxc3 12.Qxc3 Qd6 13.Be3 a5 14.Rac1 Rfe8 15.Bh3 Red8
16.f5 Qf6 17.g4 Qh4 18.Kg2 h5 19.g5 Ne5 20.Qd2 Nf3 21.Qe2 Nxg5 22.Bxg5 Qxg5+
23.Kh1 Qh4 24.Rc3 Re8 25.Re3 c5 26.Re1 cxd4 27.Rg3 Qe4+ 28.Qxe4 dxe4 29.Rxe4 Nc6
30.Bg2 Red8 31.Rh4 Rac8 32.Bxc6 Rxc6 33.Rd3 Rc2 34.Rxh5 f6 35.b3 Rxf2 36.Rh4 Rxa2
37.Rhxd4 Rxd4 38.Rxd4 Rb2 39.Rd3 Kf7 40.Re3 b5 41.Rc3 b4 42.Rc7+ Kg8 43.Rc5 Ra2
44.Kg1 a4 45.bxa4 b3  0-1

[Event "Open A"]
[Site "Le Touquet FRA"]
[Date "2008.10.29"]
[Round "6"]
[White "Collins,S IRL"]
[Black "Clery,N"]
[Result "1/2-1/2"]
[WhiteElo "2412"]
[BlackElo "2349"]

1.c4 b6 2.Nc3 Bb7 3.e4 e6 4.g3 f5 5.Bg2 Nf6 6.Qc2 Bb4 7.Nge2 Bxc3 8.Nxc3 fxe4
9.Nxe4 Nxe4 10.Bxe4 Nc6 11.Qc3 Qf6 12.Qxf6 gxf6 13.O-O O-O-O 14.b3 d5 15.cxd5 exd5
16.Bf5+ Kb8 17.Bb2 d4 18.f4 Ne7 19.Bd3 c5 20.a3 Bd5 21.b4 c4 22.Bxd4 cxd3
23.Bxf6 Nf5 24.Rae1 Rhf8 25.Bxd8 Rxd8 26.Re5 Nd4 27.Kf2 Nc2 28.Rc1 Rd7 29.g4 Kc7
30.f5 Kd6 31.Re8 b5 32.h4 Re7 33.Rxe7 Kxe7 34.Kg3 Nxa3 35.Rc7+ Kd6 36.Rxa7 Nc4
37.Kf4 Nxd2 38.Ke3 Nc4+ 39.Kxd3 Ne5+ 40.Ke3 Nxg4+ 41.Kf4 Ne5 42.Rxh7 Nd3+
43.Kg5 Nxb4 44.h5 Nd3 45.h6 b4 46.Rh8 Ne5 47.Re8 Nf7+ 48.Kg6 Nxh6 49.Kxh6 b3
50.Kg7 Kc5 51.Re2 Kb4 52.f6 Kc3 53.Re3+ Kd4 54.Re2 Kc3 55.Re5 Kd4 56.Re1 b2
57.Rd1+ Kc4 58.f7  1/2-1/2

[Event "Grand Prix CCAS"]
[Site "Cap D'Agde FRA"]
[Date "2008.10.30"]
[Round "7"]
[White "Kosten,A"]
[Black "Bauer,Ch"]
[Result "1/2-1/2"]
[WhiteElo "2510"]
[BlackElo "2592"]

1.c4 b6 2.Nf3 Bb7 3.g3 Bxf3 4.exf3 c5 5.d4 cxd4 6.Qxd4 e6 7.Nc3 Nc6 8.Qd1 Rc8
9.Be2 Bb4 10.O-O Bxc3 11.bxc3 Qf6 12.Be3 Nge7 13.c5 Nd5 14.cxb6 Nxe3 15.fxe3 Qxc3
16.b7 Qxe3+ 17.Kh1 Rc7 18.Rb1 Ke7 19.Rb3 Qc5 20.Rb5 Qa3 21.Rb3 Qa5 22.Qa1 Rb8
23.Qxg7 Qe5 24.Qxe5 Nxe5 25.f4 Nc6 26.Ba6 Nd8 27.Rfb1 d5 28.a4 Kd6 29.g4 h6
30.h4 f6 31.g5 hxg5 32.hxg5 fxg5 33.fxg5 Rg7 34.Rg3 Nc6 35.g6 Rbg8 36.Bd3 a5
37.Rb5 Rb8 38.Kg2 Ne5 39.Rb6+ Ke7 40.Bf5 exf5 41.Re3 Kf8 42.Rxe5 Rgxb7 43.Rxf5+ Kg7
44.Rxb7+ Rxb7 45.Rxd5 Kxg6 46.Rxa5 Kf6  1/2-1/2

[Event "8th Rohde Open"]
[Site "Sautron FRA"]
[Date "2008.10.30"]
[Round "7"]
[White "Serafimov,Di"]
[Black "Das,Arg"]
[Result "1/2-1/2"]
[WhiteElo "2197"]
[BlackElo "2404"]

1.c4 b6 2.Nc3 Bb7 3.e4 e6 4.Nf3 c5 5.g3 Nf6 6.d3 d6 7.Bg2 Be7 8.O-O O-O 9.h3 Nc6
10.d4 cxd4 11.Nxd4 Ne5 12.b3 Qc7 13.Bb2 a6 14.Qe2 Rfe8 15.Rad1 Bf8 16.Nc2 Ned7
17.Ne3 Bc6 18.Rfe1 Qb7 19.Ncd5 Nxe4 20.Bxe4 exd5 21.Bxd5 Bxd5 22.Rxd5 b5
23.Rg5 f6 24.Rg4 f5 25.Rf4 g6 26.Qd3 Ne5 27.Bxe5 dxe5 28.Rh4 Be7 29.Nd5 Bxh4
30.gxh4 Re6 31.Qf3 Kf8 32.Qg3 Rae8 33.Qg5 Qf7 34.cxb5 axb5 35.Rc1 Rd6 36.Rc7 Rd7
37.Nf6  1/2-1/2

[Event "38th Olympiad"]
[Site "Dresden GER"]
[Date "2008.11.22"]
[Round "9"]
[White "Ho Hou Meng,H"]
[Black "Kawuma,M"]
[Result "1/2-1/2"]
[WhiteElo "1926"]
[BlackElo "2204"]

1.c4 b6 2.Nc3 Bb7 3.d4 Nf6 4.Nf3 e6 5.Bg5 Be7 6.e3 c5 7.d5 d6 8.e4 Nbd7 9.Qd2 O-O
10.Bd3 a6 11.a4 Re8 12.O-O Ng4 13.Bxe7 Qxe7 14.Qg5 Qxg5 15.Nxg5 Nge5 16.Be2 exd5
17.exd5 Nf6 18.Rae1 Rad8 19.b3 Bc8 20.Nge4 Nxe4 21.Nxe4 Bf5 22.Ng3 Bc2 23.Bd1 Bxd1
24.Rxd1 Ng6 25.Rfe1 Kf8 26.Kf1 Re5 27.Ne4 h6 28.f3 Ke7 29.g3 Kd7 30.f4 Ree8
31.Kf2 Ne7 32.Nd2 Nf5 33.Nf3 Rb8 34.Ra1 Rxe1 35.Rxe1 b5 36.axb5 axb5 37.g4 bxc4
38.gxf5 cxb3 39.f6 gxf6 40.Rb1 c4 41.Nd4 Ra8 42.Nxb3 Ra2+ 43.Kg1 cxb3 44.Rxb3 Rd2
45.Rb7+ Ke8 46.Rb8+ Ke7 47.Rh8 Rxd5 48.Rxh6 Rf5 49.Rh4 d5 50.Kf2 d4 51.Ke2 Ke6
52.Kd3 Kd5 53.Rg4 Rh5 54.h4 Rf5 55.Rg7 Rxf4 56.Rxf7 Rf3+ 57.Kd2 Ke6 58.Rh7 d3
59.h5 Kf5 60.Rh8 Rh3 61.h6 Kg6 62.Rg8+ Kf7 63.Rg7+ Ke6 64.h7 Kf5 65.Re7 Kg6
66.h8=Q Rxh8 67.Kxd3 Kf5 68.Ke3 Ra8 69.Kf3 Ra3+ 70.Kf2 Kf4 71.Rb7 Ra2+ 72.Kf1 f5
73.Rb4+ Kg3 74.Rb3+ Kg4 75.Rb4+ f4 76.Rb3 Rc2 77.Ra3 Rd2 78.Rb3 Kf5 79.Rb5+ Ke4
80.Rb4+ Ke3 81.Rb3+ Rd3 82.Rxd3+ Kxd3 83.Kf2 Ke4 84.Ke2 f3+ 85.Kf2 Kf4 86.Kf1 Ke3
87.Ke1 f2+ 88.Kf1 Kf3  1/2-1/2

[Event "TCh-AUT 2nd Bundesliga Ost 2008-9"]
[Site "Austria AUT"]
[Date "2008.11.23"]
[Round "5"]
[White "Srienz,C"]
[Black "Rudolf,Her"]
[Result "1-0"]
[WhiteElo "2232"]
[BlackElo "2137"]

1.c4 b6 2.Nc3 e6 3.d4 Bb7 4.a3 Nf6 5.Nf3 d5 6.cxd5 Nxd5 7.e3 g6 8.Bb5+ c6
9.Bd3 Bg7 10.Ne2 O-O 11.h4 h5 12.Ng3 Nd7 13.e4 N5f6 14.Bg5 Qb8 15.e5 Nd5
16.Qd2 c5 17.Bb5 Rd8 18.Bxd8 Qxd8 19.Bxd7 Qxd7 20.dxc5 bxc5 21.Ne4 Qc6 22.Rc1  1-0

[Event "Autumn"]
[Site "Nea Filadelfia GRE"]
[Date "2008.11.27"]
[Round "11"]
[White "Vazelakis,D"]
[Black "Ilandzis,S"]
[Result "0-1"]
[WhiteElo "2089"]
[BlackElo "2147"]

1.c4 b6 2.e4 e6 3.Nc3 Bb7 4.d4 Bb4 5.f3 f5 6.e5 Qh4+ 7.g3 Qh5 8.Bg2 Bxc3+
9.bxc3 Ne7 10.Nh3 O-O 11.Ba3 Re8 12.O-O Nbc6 13.c5 Nd5 14.Qc1 Ba6 15.Rf2 Na5
16.Nf4 Nxf4 17.Qxf4 Nc4 18.Bc1 h6 19.g4 Qf7 20.h4 Bb7 21.Bf1 Bd5 22.g5 h5
23.a4 Na5 24.Ba3 bxc5 25.dxc5 Rab8 26.Bb4 Nc6 27.Rb2 a5 28.Ba3 Ne7 29.Rab1 Rxb2
30.Rxb2 Ng6 31.Qd4 f4 32.Rh2 Bxf3 33.Bd3 Bc6 34.Bc1 f3 35.Bb5 Qf5 36.Bd3 Qxe5
37.Bd2 Qg3+  0-1

[Event "Christmas Master Open"]
[Site "Zurich SUI"]
[Date "2008.12.29"]
[Round "5"]
[White "Stojanovic,Mih"]
[Black "Moor,R"]
[Result "1-0"]
[WhiteElo "2535"]
[BlackElo "2357"]

1.c4 b6 2.Nc3 Bb7 3.e4 c5 4.Nge2 d6 5.d4 cxd4 6.Nxd4 Nf6 7.f3 e6 8.Be2 Be7
9.O-O O-O 10.Be3 Nbd7 11.Qd2 a6 12.Rac1 Rc8 13.a3 Qc7 14.b4 Qb8 15.Kh1 Rfe8
16.Nb3 Bd8 17.Rc2 Ne5 18.Nd1 Bc7 19.Bg1 Red8 20.Nb2 d5 21.exd5 exd5 22.Nd4 dxc4
23.Nxc4 Nxc4 24.Bxc4 b5 25.Bb3 Bb6 26.Rxc8 Qxc8 27.Qb2 Qb8 28.Re1 Re8 29.Qd2 Bd5
30.Bxd5 Nxd5 31.Nc6 Rxe1 32.Qxe1 Qc8 33.Qe5  1-0

[Event "Australian Open"]
[Site "Manly Sydney AUS"]
[Date "2009.01.02"]
[Round "1"]
[White "Tan,Kev"]
[Black "Davis,T2"]
[Result "0-1"]
[WhiteElo "2252"]
[BlackElo "1967"]

1.c4 b6 2.d4 e6 3.e4 Bb7 4.Nc3 Bb4 5.Qc2 Qh4 6.Bd3 f5 7.g3 Qh5 8.Be2 Qf7
9.Bf3 fxe4 10.Bxe4 Bxe4 11.Qxe4 Nc6 12.Bf4 Nf6 13.Qd3 O-O 14.Ne2 d6 15.O-O-O e5
16.Be3 exd4 17.Bxd4 Nxd4 18.Nxd4 Ng4 19.Ne4 Ne5 20.Qe2 Qxc4+ 21.Qxc4+ Nxc4
22.Ne6 Rf7 23.a3 Nxa3  0-1

[Event "Open A"]
[Site "Prague CZE"]
[Date "2009.01.13"]
[Round "5"]
[White "Vokac,M"]
[Black "Clery,N"]
[Result "1/2-1/2"]
[WhiteElo "2454"]
[BlackElo "2373"]

1.c4 b6 2.Nc3 Bb7 3.Nf3 e6 4.g3 Bxf3 5.exf3 c5 6.Bg2 Nc6 7.f4 Nge7 8.O-O Nf5
9.a3 Rc8 10.d3 Be7 11.Bd2 O-O 12.Rb1 a5 13.Re1 Bf6 14.Ne4 Be7 15.Qa4 Nfd4
16.Nc3 h6 17.Qd1 f5 18.Kh1 Kh7 19.Be3 Bf6 20.Qa4 Re8 21.Qd1 Rf8 22.Rg1 Kh8
23.Re1  1/2-1/2

[Event "Queenstown Classic"]
[Site "Queenstown NZL"]
[Date "2009.01.22"]
[Round "8"]
[White "Stuart,P"]
[Black "Steadman,M"]
[Result "0-1"]
[WhiteElo "2076"]
[BlackElo "2273"]

1.c4 b6 2.Nc3 Bb7 3.e4 e5 4.g3 Bc5 5.Bg2 Ne7 6.Nge2 Nbc6 7.d3 Nd4 8.O-O Nec6
9.Nxd4 Nxd4 10.Ne2 Ne6 11.Be3 Bxe3 12.fxe3 h5 13.h3 h4 14.g4 Qe7 15.Qd2 a5
16.b3 O-O 17.Nc3 c6 18.a3 Nc7 19.Rfc1 Rfd8 20.Na4 Ra6 21.Nc3 Qe6 22.Qf2 Qe7
23.Qb2 d5 24.exd5 cxd5 25.cxd5 Bxd5 26.Nxd5 Nxd5 27.Bxd5 Rxd5 28.Rc8+ Kh7
29.Qc2 Ra7 30.d4+ g6 31.Qc6 Rd6 32.Qc3 exd4 33.exd4 Qf6 34.Rd1 Rad7 35.Rc7 Rxc7
36.Qxc7 Rc6 37.Qd7 Rc3 38.Qd5 Rg3+ 39.Kh1 Qf2  0-1

[Event "ch-PriFO"]
[Site "Kazan RUS"]
[Date "2009.01.28"]
[Round "8"]
[White "Askarov,M"]
[Black "Sharafiev,A"]
[Result "0-1"]
[WhiteElo "2512"]
[BlackElo "2421"]

1.c4 b6 2.Nc3 Bb7 3.e4 e6 4.g3 f5 5.Bg2 Nf6 6.d3 Bb4 7.Ne2 fxe4 8.O-O e5
9.g4 Nxg4 10.Ng3 Qh4 11.h3 Nxf2 12.Qh5+ Qxh5 13.Nxh5 Bxc3 14.Nxg7+ Kf7 15.Rxf2+ Kxg7
16.bxc3 Na6 17.Be3 Rhf8 18.Raf1 Rxf2 19.Rxf2 Nc5 20.Bxc5 bxc5 21.Rb2 Bc6
22.Bxe4 Bxe4 23.dxe4 Kf6 24.Rb7 Ke6 25.Rxc7 Kd6 26.Rb7 Rf8 27.Rxa7 Rf4 28.Ra6+ Kc7
29.Ra7+ Kc6 30.Ra6+ Kc7 31.Ra7+ Kc6 32.Ra6+ Kb7 33.Rh6 Rxe4 34.Rxh7 Kc6 35.Rf7 Rxc4
36.Rf3 d5 37.Kg2 d4 38.cxd4 cxd4 39.h4 e4 40.Rf8  0-1

[Event "TCh-HUN 2008-9"]
[Site "Budapest HUN"]
[Date "2009.02.22"]
[Round "8"]
[White "Bors,T"]
[Black "Leviczky,T"]
[Result "0-1"]
[WhiteElo "2261"]
[BlackElo "2303"]

1.c4 b6 2.Nc3 Bb7 3.e4 e6 4.Nge2 c5 5.g3 Nc6 6.Bg2 Be7 7.O-O Bf6 8.d4 Bxd4
9.Nb5 Be5 10.f4 Bb8 11.Nd6+ Bxd6 12.Qxd6 Qe7 13.Qd2 d6 14.b3 Nf6 15.Bb2 e5
16.Nc3 Nd4 17.fxe5 dxe5 18.Qg5 O-O 19.Rae1 Nd5 20.Qc1 Nxc3 21.Qxc3 Rad8 22.Bc1 Bc8
23.h3 Be6 24.g4 Rd7 25.Qg3 Nc6 26.g5 Rfd8 27.h4 Rd3 28.Be3 R8d6 29.h5 Bc8
30.Re2 Rd1 31.Rf2 Rxf1+ 32.Rxf1 a5 33.Kh2 Nd4 34.Rf2 Bd7 35.Bc1 Nc6 36.Rd2 Rxd2
37.Bxd2 Qd6 38.Bc3 Nd4 39.h6 g6 40.Qf2 Qe7 41.Bd2 Qe6 42.Qg3 Qd6 43.Qf2 Kf8
44.Be3 Ke8 45.Kh1 Bg4 46.Qg3 Qe6 47.Bxd4 cxd4 48.Bf1 Bh5 49.a3 f6 50.gxf6 Qxf6
51.Kg1 Ke7 52.b4 axb4 53.axb4 Qf4 54.Qa3 Bf3 55.Qa7+ Kf6 56.Qxb6+ Kg5 57.Qd8+ Kxh6
58.Bg2 Bxg2 59.Kxg2 Qxe4+ 60.Kf2 Qf4+ 61.Kg2 Qd2+ 62.Kf3 Qxb4 63.Kg4 Qc5
64.Qf6 d3 65.Qg5+ Kg7 66.Qd2 Qxc4+ 67.Kh3 h5 68.Qa5 Qg4+ 69.Kh2 Qf4+ 70.Kh3 d2
71.Qd8 Qf1+ 72.Kh2 Qe2+ 73.Kh3 d1=Q 74.Qe7+ Kh6  0-1

[Event "TCh-AUT 2nd Bundesliga Ost 2008-9"]
[Site "Austria AUT"]
[Date "2009.03.01"]
[Round "9"]
[White "Hangweyrer,M"]
[Black "Vavrak,P"]
[Result "1-0"]
[WhiteElo "2338"]
[BlackElo "2478"]

1.c4 b6 2.Nc3 Bb7 3.Nf3 e6 4.e3 Nf6 5.b3 Bb4 6.Bb2 O-O 7.Be2 Re8 8.a3 Bf8
9.d4 d5 10.O-O dxc4 11.bxc4 c5 12.Ne5 cxd4 13.exd4 Nc6 14.Bf3 Rc8 15.Nb5 Re7
16.Nxc6 Bxc6 17.d5 exd5 18.Bxf6 gxf6 19.Nd4 Bb7 20.cxd5 Bxd5 21.Bxd5 Rc5
22.Qg4+ Kh8 23.Bf3 Rc4 24.Nc6 Rxg4 25.Nxd8 Ra4 26.Bc6 Rc4 27.Bb5 Rc5 28.a4 Kg7
29.Nc6 Rd7 30.Ne5 Rd2 31.Nf3 Rb2 32.Rad1 Ra2 33.Rd2 Rcc2 34.Rxc2 Rxc2 35.Nd4 Ra2
36.Nf5+ Kg6 37.Ne3 Bc5 38.h4 a6 39.Bxa6 Rxa4 40.Bd3+ Kh6 41.g3 Ra5 42.Kg2 Ra2
43.Kf3 Rd2 44.Bc4 Kg6 45.Ra1 Rd7 46.Ra8 f5 47.Rg8+ Kf6 48.Rg5 Bxe3 49.fxe3 Rd8
50.Kf4  1-0

[Event "Open A"]
[Site "Zagreb CRO"]
[Date "2009.03.26"]
[Round "6"]
[White "Brigljevic,M"]
[Black "Kalajzic,I"]
[Result "0-1"]
[WhiteElo "2294"]
[BlackElo "2224"]

1.c4 b6 2.Nc3 Bb7 3.d4 e6 4.a3 d5 5.cxd5 exd5 6.g3 Nf6 7.Bg2 Be7 8.Nf3 Ne4
9.Qa4+ Bc6 10.Qc2 Nxc3 11.bxc3 Nd7 12.O-O O-O 13.c4 g6 14.Ne5 Nxe5 15.dxe5 Bc5
16.Bb2 Qd7 17.cxd5 Bxd5 18.Rad1 Qc6 19.e4 Be6 20.Bd4 Rfd8 21.Bxc5 bxc5 22.f4 Rxd1
23.Rxd1 Rb8 24.Rc1 c4 25.Bf1 Qc5+ 26.Qf2 Qxa3 27.Rc2 Rb1 28.f5 gxf5 29.exf5 Bd5
30.Qf4 Kf8 31.Qg5 Ke8 32.Rf2 c3 33.e6 Re1 34.Qg8+ Qf8 35.Qxh7 Bc4 36.exf7+ Bxf7
37.f6 Qc5 38.Qh8+ Kd7 39.Qh7 Qd5 40.Qc2 Qd4 41.Qf5+ Be6 42.Qb5+ Kd6 43.Qa6+ c6
44.Qa3+ Qc5 45.Qa4 Bh3 46.Qf4+ Kd7 47.Kh1 Qxf2  0-1

[Event "TCh-HUN 2008-9"]
[Site "Kazincbarcika HUN"]
[Date "2009.04.05"]
[Round "10"]
[White "Mokcsay,R"]
[Black "Hando,V"]
[Result "1-0"]
[WhiteElo "2301"]
[BlackElo "2314"]

1.c4 b6 2.Nc3 f5 3.e4 fxe4 4.Nxe4 Nf6 5.Bd3 Bb7 6.Qe2 e6 7.b3 g6 8.Bb2 Bg7
9.Nh3 O-O 10.O-O Na6 11.Rae1 Qe7 12.Bc3 Rae8 13.f3 Nh5 14.Bb1 Bxe4 15.Bxg7 Qxg7
16.Qxe4 c5 17.Qb7 Nb4 18.Qxa7 Qd4+ 19.Kh1 Ra8 20.Qxb6 Rfb8 21.Qc7 Nc6 22.Rxe6 Rc8
23.Qd6 dxe6 24.Qxe6+ Kg7 25.Be4 Qf6 26.Qd7+ Kh8 27.f4 Rab8 28.Ng5 Ne7 29.Ne6 Ng7
30.Ng5 h6 31.Qh3 h5 32.g4 Ne6 33.gxh5 Nxf4 34.Rxf4 Qxf4 35.hxg6+ Kg8 36.Qh7+ Kf8
37.Ne6+  1-0

[Event "CCF Easter"]
[Site "Coulsdon ENG"]
[Date "2009.04.13"]
[Round "1"]
[White "Lundin,J"]
[Black "Eggleston,D"]
[Result "1-0"]
[WhiteElo "2337"]
[BlackElo "2358"]

1.c4 b6 2.Nc3 Bb7 3.e4 e5 4.Nf3 Nc6 5.g3 Bc5 6.Bg2 Nge7 7.O-O O-O 8.d3 Qe8
9.Nb5 Rc8 10.Nxe5 Nxe5 11.d4 a6 12.Nc3 Nxc4 13.dxc5 bxc5 14.Qb3 Nb6 15.Bf4 d6
16.Bxd6 c4 17.Qb4 Nc6 18.Bxf8 Nxb4 19.Bxb4 c5 20.Ba5 Nd7 21.Bh3 Rb8 22.Bc7 Ra8
23.Rad1 Ne5 24.Bxe5 Qxe5 25.Rd2 g5 26.Rfd1 Re8 27.Bf5 Kg7 28.Rd6 Bc8 29.R1d5 Qe7
30.Bxc8 Rxc8 31.Rd7 Qe6 32.Rxg5+ Kf8 33.Rdd5 Rb8 34.Rd2 Qh6 35.f4 Qb6 36.Rgd5 Qa5
37.Kg2 h6 38.Rd6 Rxb2 39.Rxb2 Qxc3 40.Rb8+ Kg7 41.e5 Qc2+ 42.Kf3 Qxh2 43.Rdd8 h5
44.Rg8+ Kh7 45.Rh8+ Kg6 46.Rbg8+ Kf5 47.Rxh5+ Qxh5+ 48.g4+  1-0